Takeoff Charting Songs (Billboard Hot 100) - Statistics

General Stats
  • This quiz has been taken 19 times
  • The average score is 7 of 8
Answer Stats
Album Weeks On Peak Artist(s) Song % Correct
The Last Rocket 1 Week #99 Takeoff Casper
100%
Heroes & Villains 1 Week #59 Metro Boomin & A$AP Rocky ft. Takeoff Feel the Fiyaaaah
100%
Only Built for Infinity Links 22 Weeks #53 Quavo & Takeoff HOTEL LOBBY (Unc & Phew)
100%
God Did 1 Week #66 DJ Khaled ft. Quavo & Takeoff PARTY
92%
Only Built for Infinity Links 1 Week #83 Quavo & Takeoff ft. YoungBoy Never Broke Again TO THE BONE
92%
Huncho Jack, Jack Huncho 1 Week #65 Huncho Jack ft. Takeoff Eye 2 Eye
83%
The Last Rocket 2 Weeks #54 Takeoff Last Memory
83%
Control the Streets, Vol.1 4 Weeks #91 Quavo, Takeoff & Offset Too Hotty
75%
No matching quizzes found
Score Distribution
Percent of People with Each Score
Percentile by Number Answered
Your Score History
You have not taken this quiz